000 01264cam a2200361 a 4500
001 15910555
005 20141009093223.0
008 090917s2011 at a 001 0 eng
010 _a 2009937332
020 _a9780538747981 (student ed.)
020 _a0538747986 (student ed.)
020 _a9780538747974 (student ed. with CD)
020 _a0538747978 (student ed. with CD)
020 _a0538747986
020 _a0538466820
040 _aDLC
_cDLC
042 _apcc
050 0 0 _aHF 5679
_b.K4783 2011
100 1 _aKlooster, Dale H.
245 1 0 _aIntegrated accounting for Windows /
_cDale H. Klooster, Warren W. Allen.
250 _a7th Ed.
260 _aAustralia ;
_aMason, OH :
_bSouth-Western Cengage Learning,
_cc2011.
300 _axv, 576 pages :
_billustration ;
_c28 cm. +
_e1 CD-ROM (4 3/4 in.)
500 _aIncludes index.
521 _aAccountancy
600 1 0 _aKlooster, Dale H.
_tIntegrated accounting (Computer file)
650 0 _aAccounting
_xData processing
_vSoftware.
700 1 _aAllen, Warren W.
700 1 _aKlooster, Dale H.
_tKlooster & Allen's integrated accounting for Windows.
906 _a7
_bcbc
_corignew
_d3
_eepcn
_f20
_gy-gencatlg
942 _2lcc
_cBK
_kFOR
999 _c275603
_d275603